<?xml version="1.0" encoding="UTF-8"?>
<record
    xmlns:xsi="http://www.w3.org/2001/XMLSchema-instance"
    xsi:schemaLocation="http://www.loc.gov/MARC21/slim http://www.loc.gov/standards/marcxml/schema/MARC21slim.xsd"
    xmlns="http://www.loc.gov/MARC21/slim">

  <leader>01210aaa a2200241 a 4500</leader>
  <controlfield tag="001">78801</controlfield>
  <controlfield tag="003">BD-RjUL</controlfield>
  <controlfield tag="005">20220111114209.0</controlfield>
  <controlfield tag="008">211115s1991    ii ||||| |||| 00| 0 ara d</controlfield>
  <datafield tag="035" ind1=" " ind2=" ">
    <subfield code="a">(BD-RjUL)79028</subfield>
  </datafield>
  <datafield tag="040" ind1=" " ind2=" ">
    <subfield code="a">BD-RjUL</subfield>
    <subfield code="b">eng</subfield>
    <subfield code="c">BD-RjUL</subfield>
  </datafield>
  <datafield tag="041" ind1=" " ind2=" ">
    <subfield code="a">ara</subfield>
  </datafield>
  <datafield tag="082" ind1=" " ind2=" ">
    <subfield code="2">23</subfield>
    <subfield code="a">297.12543</subfield>
    <subfield code="b">TIJ 1991</subfield>
  </datafield>
  <datafield tag="100" ind1=" " ind2=" ">
    <subfield code="a">Al-Tirmidhi, Muhammad bin Isa bin Surah ;; &#x627;&#x644;&#x62A;&#x631;&#x645;&#x630;&#x64A;&#x60C; &#x645;&#x62D;&#x645;&#x62F; &#x628;&#x646; &#x639;&#x64A;&#x633;&#x649; &#x628;&#x646; &#x633;&#x648;&#x631;&#x629;</subfield>
    <subfield code="d">209-279 &#x647;&#x640;.)</subfield>
    <subfield code="9">250069</subfield>
  </datafield>
  <datafield tag="245" ind1="1" ind2="0">
    <subfield code="a">&#x62C;&#x627;&#x645;&#x639; &#x627;&#x644;&#x62A;&#x631;&#x645;&#x630;&#x64A; &#x61B; &#x645;&#x639;&#x647;&#x60C; &#x627;&#x644;&#x62A;&#x642;&#x631;&#x64A;&#x631; &#x627;&#x644;&#x62A;&#x631;&#x645;&#x630;&#x64A; ;; Jamie altirmidhii ; maeahu, altaqrir altirmidhiu /  </subfield>
    <subfield code="c">&#x645;&#x62D;&#x645;&#x62F; &#x628;&#x646; &#x639;&#x64A;&#x633;&#x649; &#x628;&#x646; &#x633;&#x648;&#x631;&#x629;&#x60C; &#x627;&#x644;&#x62A;&#x631;&#x645;&#x630;&#x64A;&#x60C;; &#x627;&#x644;&#x62F;&#x645;&#x646;&#x627;&#x62A;&#x64A;&#x60C; &#x639;&#x644;&#x64A; &#x628;&#x646; &#x633;&#x644;&#x64A;&#x645;&#x627;&#x646; &#x627;&#x644;&#x62F;&#x645;&#x646;&#x627;&#x62A;&#x64A;  ;; &#x60C;Muhammad bin Issa bin Surah, Al-Tirmidhi,; Al-Dimnati, Ali bin Suleiman Al-Dimnati, </subfield>
  </datafield>
  <datafield tag="260" ind1=" " ind2=" ">
    <subfield code="a">&#x62F;&#x647;&#x644;&#x64A;&#x60C; &#x627;&#x644;&#x647;&#x646;&#x62F; ;; Dehli, India: </subfield>
    <subfield code="b">&#x643;&#x62A;&#x628; &#x62E;&#x627;&#x646;&#x629; &#x631;&#x634;&#x64A;&#x62F;&#x64A;&#x629;&#x60C; ;; katab khanatan rashidiat,</subfield>
    <subfield code="c"> [196?</subfield>
  </datafield>
  <datafield tag="300" ind1=" " ind2=" ">
    <subfield code="a">v. ;</subfield>
    <subfield code="c">37 cm</subfield>
  </datafield>
  <datafield tag="505" ind1=" " ind2=" ">
    <subfield code="a">Vol.1 .--</subfield>
  </datafield>
  <datafield tag="650" ind1=" " ind2=" ">
    <subfield code="a">(tirmiji)Hadith</subfield>
    <subfield code="9">250070</subfield>
  </datafield>
  <datafield tag="700" ind1=" " ind2=" ">
    <subfield code="a"> &#x627;&#x644;&#x62C;&#x631;&#x62C;&#x627;&#x646;&#x64A;&#x60C; &#x639;&#x644;&#x64A; &#x628;&#x646; &#x645;&#x62D;&#x645;&#x62F; &#x628;&#x646; &#x639;&#x644;&#x64A;&#x60C; (740-816 &#x647;&#x640;.)</subfield>
    <subfield code="9">648</subfield>
  </datafield>
  <datafield tag="700" ind1=" " ind2=" ">
    <subfield code="a"> &#x627;&#x644;&#x62F;&#x645;&#x646;&#x627;&#x62A;&#x64A;&#x60C; &#x639;&#x644;&#x64A; &#x628;&#x646; &#x633;&#x644;&#x64A;&#x645;&#x627;&#x646; &#x627;&#x644;&#x62F;&#x645;&#x646;&#x627;&#x62A;&#x64A;&#x60C; </subfield>
    <subfield code="9">649</subfield>
  </datafield>
  <datafield tag="942" ind1=" " ind2=" ">
    <subfield code="2">ddc</subfield>
    <subfield code="c">BK</subfield>
  </datafield>
  <datafield tag="999" ind1=" " ind2=" ">
    <subfield code="c">78801</subfield>
    <subfield code="d">78801</subfield>
  </datafield>
  <datafield tag="952" ind1=" " ind2=" ">
    <subfield code="0">0</subfield>
    <subfield code="1">0</subfield>
    <subfield code="2">ddc</subfield>
    <subfield code="4">0</subfield>
    <subfield code="7">1</subfield>
    <subfield code="8">NFIC</subfield>
    <subfield code="a">RUCL</subfield>
    <subfield code="b">RUCL</subfield>
    <subfield code="c">Reading</subfield>
    <subfield code="d">1982-05-08</subfield>
    <subfield code="e">maktab al Sawdia </subfield>
    <subfield code="g">190.00</subfield>
    <subfield code="l">0</subfield>
    <subfield code="o">A 297.12543 V-1  TIJ 1991?</subfield>
    <subfield code="r">2021-11-15 00:00:00</subfield>
    <subfield code="t">C-1</subfield>
    <subfield code="w">2021-12-09</subfield>
    <subfield code="y">BK</subfield>
  </datafield>
</record>
